| 000 | 00672nam a2200217Ia 4500 | ||
|---|---|---|---|
| 003 | OSt | ||
| 005 | 20220925210408.0 | ||
| 006 | a|||||r|||| 00| 0 | ||
| 007 | ta | ||
| 008 | 220923b |||||||| |||| 00| 0 eng d | ||
| 037 | _cGeneral Book | ||
| 040 |
_aRTL _cRTL _beng |
||
| 041 |
_2eng _aeng |
||
| 082 | _aY:5.2sN61, K1.1-4 | ||
| 100 | _aCensus of India, 1961 | ||
| 245 | 0 | _aOccupational structure and level of economic development in India a regional analysis. India. V 1 | |
| 260 |
_aIndia _bGovt. Press _c1961 |
||
| 490 | _aManograph series | ||
| 942 |
_hY:5.2sN61, K1.1-4 _cGB _2CC |
||
| 999 |
_c554980 _d554980 |
||